[Event "SR 3. liga A2 2014/2015"]
[Site "?"]
[Date "2015.01.11"]
[Round "6.5"]
[White "Vepy, Ivan"]
[Black "Hanzluvka, Peter"]
[Result "1-0"]
[WhiteElo "1923"]
[BlackElo "1922"]
[PlyCount "54"]
[EventDate "2015.??.??"]

1. Nc3 Nf6 2. e4 d6 3. d4 e6 4. Nf3 Be7 5. Bd3 b6 6. O-O Bb7 7. Re1 Nbd7 8. h3
h6 9. Nh2 c5 10. d5 e5 11. f4 exf4 12. Bxf4 g5 13. Bg3 Ne5 14. Bb5+ Kf8 15. Nf3
Qc7 16. Nxe5 dxe5 17. Qf3 Bc8 18. Bc6 g4 19. Qf1 Bb7 20. Bxb7 Qxb7 21. Bxe5
gxh3 22. Bxf6 Rg8 23. Qf5 Rxg2+ 24. Kh1 Rg3 25. Bxe7+ Qxe7 26. Rg1 Rxg1+ 27.
Rxg1 Rd8 1-0

[Event "SR 3. liga A2 2014/2015"]
[Site "?"]
[Date "2015.01.11"]
[Round "6.5"]
[White "Skapik, Branislav"]
[Black "Vogl, Zdenek"]
[Result "1/2-1/2"]
[WhiteElo "1822"]
[BlackElo "1909"]
[PlyCount "107"]
[EventDate "2015.??.??"]

1. c4 e6 2. Nc3 Nf6 3. g3 Be7 4. Bg2 O-O 5. Nf3 Nc6 6. O-O d5 7. cxd5 exd5 8.
d3 h6 9. Bf4 a6 10. Rc1 Be6 11. a3 Bd6 12. Bd2 Qd7 13. e4 dxe4 14. Nxe4 Be7 15.
Bf4 Rad8 16. Ne5 Nxe5 17. Bxe5 Nxe4 18. dxe4 c6 19. Qc2 Qd3 20. Qc3 Qxc3 21.
Bxc3 Bb3 22. Ba5 Rd3 23. e5 Bd8 24. Bc3 Bb6 25. Be4 Rd7 26. Bf5 Be6 27. Bxe6
fxe6 28. Kg2 Rfd8 29. Rc2 Bd4 30. Rd1 Bxc3 31. Rxd7 Rxd7 32. Rxc3 Rd5 33. Rb3
Rb5 34. Rxb5 axb5 35. Kf3 g5 36. Ke4 Kf7 37. f4 Kg6 38. g4 gxf4 39. Kxf4 h5 40.
g5 h4 41. Kg4 h3 42. Kxh3 Kxg5 43. Kg3 Kf5 44. h4 Kxe5 45. h5 Kf5 46. h6 Kg6
47. Kf4 Kxh6 48. Ke5 Kg5 49. Kxe6 Kf4 50. Kd6 Ke4 51. Kc5 Kd3 52. Kb6 Kc2 53.
Kxb7 Kxb2 54. Kxc6 1/2-1/2

[Event "SR 3. liga A2 2014/2015"]
[Site "?"]
[Date "2015.01.11"]
[Round "6.5"]
[White "Hrubsa, Marian"]
[Black "Spacek, Marcel"]
[Result "1-0"]
[WhiteElo "1826"]
[BlackElo "1690"]
[PlyCount "85"]
[EventDate "2015.??.??"]

1. e4 c5 2. Nf3 Nc6 3. d4 cxd4 4. Nxd4 Nf6 5. Nc3 e5 6. Ndb5 d6 7. Bg5 a6 8.
Na3 b5 9. Nd5 Be7 10. Nxe7 Qxe7 11. c4 b4 12. Nc2 O-O 13. Bd3 Qe6 14. O-O Nd7
15. Ne3 Qg6 16. Bh4 Nc5 17. f3 Ne6 18. Nd5 Re8 19. Qd2 Rb8 20. b3 Rb7 21. Rad1
Nc5 22. Bb1 Qh5 23. Bf2 a5 24. Bc2 Ne6 25. Be3 Ned4 26. Bb1 Re6 27. Qf2 Rg6 28.
Kh1 f5 29. exf5 Bxf5 30. g4 Qh3 31. Bxf5 Nxf5 32. gxf5 Qxf5 33. Rg1 Re6 34. Rg5
Qf8 35. Rdg1 Rf7 36. R5g3 e4 37. f4 Ne5 38. Qg2 Nf3 39. Rd1 Nh4 40. Qe2 Rf5 41.
Bd4 g6 42. Ba1 Nf3 43. Rxf3 1-0

[Event "SR 3. liga A2 2014/2015"]
[Site "?"]
[Date "2015.01.11"]
[Round "6.6"]
[White "Bisco, Igor"]
[Black "Liptak, Tomas"]
[Result "1-0"]
[WhiteElo "2079"]
[BlackElo "2168"]
[PlyCount "55"]
[EventDate "2015.??.??"]

1. e4 c5 2. Nf3 d6 3. d4 cxd4 4. Nxd4 Nf6 5. Nc3 a6 6. Bg5 e6 7. f4 h6 8. Bh4
Nbd7 9. Qf3 Be7 10. O-O-O Qc7 11. Bd3 Rg8 12. Rhf1 b5 13. e5 Bb7 14. Qh3 dxe5
15. Nxe6 fxe6 16. Bg6+ Kd8 17. Qxe6 Qc4 18. Rxd7+ Nxd7 19. Qxe7+ Kc7 20. Rd1
Qxf4+ 21. Kb1 Rad8 22. Qd6+ Kc8 23. Bxd8 Rxd8 24. Nd5 Bxd5 25. Qxd5 Qf6 26. Be4
Qb6 27. Bf5 Qc7 28. Qa8+ 1-0

[Event "SR 3. liga A2 2014/2015"]
[Site "?"]
[Date "2015.01.11"]
[Round "6.6"]
[White "Kovacocy, Pavel"]
[Black "Slamena, Michal"]
[Result "1-0"]
[WhiteElo "2192"]
[BlackElo "1993"]
[PlyCount "73"]
[EventDate "2015.??.??"]

1. e4 c5 2. Nf3 d6 3. d4 cxd4 4. Nxd4 Nf6 5. f3 g6 6. c4 Bg7 7. Be3 O-O 8. Qd2
Nc6 9. Nc3 Bd7 10. Rc1 a6 11. Be2 Rc8 12. O-O Ne5 13. b3 h5 14. h3 Kh7 15. f4
Nc6 16. Nf3 Qa5 17. Bd3 Nb4 18. Bb1 b5 19. e5 dxe5 20. fxe5 Ng8 21. Qxd7 bxc4
22. Ng5+ Kh8 23. Nxf7+ Rxf7 24. Rxf7 Qxe5 25. Rf3 Rf8 26. Qd1 Nf6 27. bxc4 g5
28. Bd4 Qe6 29. Rxf6 Rxf6 30. Qxh5+ Kg8 31. Ne4 Rf5 32. Bxg7 Kxg7 33. Ng3 Qe3+
34. Kh2 Qxc1 35. Bxf5 Qf4 36. Qg6+ Kf8 37. Be6 1-0

[Event "SR 3. liga A2 2014/2015"]
[Site "?"]
[Date "2015.01.11"]
[Round "6.6"]
[White "Janas, Peter"]
[Black "Cechovic, Stefan"]
[Result "0-1"]
[WhiteElo "1736"]
[BlackElo "2155"]
[PlyCount "80"]
[EventDate "2015.??.??"]

1. d4 f5 2. Nf3 Nf6 3. g3 b6 4. Bg2 Bb7 5. c3 e6 6. Bg5 Be7 7. Bxf6 Bxf6 8.
Nbd2 O-O 9. Qb3 Kh8 10. Nh4 Nc6 11. Nhf3 Qe8 12. O-O Ne7 13. Ne1 d5 14. Nd3 g5
15. Nf3 Ng6 16. Nfe5 Bxe5 17. Nxe5 Nxe5 18. dxe5 Ba6 19. Rfe1 f4 20. Qa3 Bb5
21. f3 c5 22. Rad1 Rf5 23. e4 Rxe5 24. exd5 exd5 25. Rxe5 Qxe5 26. Qb3 Bc4 27.
Qc2 Re8 28. Qf2 Bxa2 29. Bf1 Bb3 30. Ra1 a5 31. Bb5 Re7 32. Bf1 Qe3 33. Qxe3
fxe3 34. Be2 d4 35. c4 Bc2 36. Ra3 d3 37. Kf1 dxe2+ 38. Kxe2 a4 39. Rc3 Bb3 40.
h3 Kg7 0-1

[Event "SR 3. liga A2 2014/2015"]
[Site "?"]
[Date "2015.01.11"]
[Round "6.6"]
[White "Sarmir, Milos"]
[Black "Tupy, Bystrik"]
[Result "1-0"]
[WhiteElo "2011"]
[BlackElo "1782"]
[PlyCount "65"]
[EventDate "2015.??.??"]

1. e4 e5 2. Nf3 Nc6 3. Bb5 a6 4. Bxc6 dxc6 5. O-O Bd6 6. d4 Bg4 7. dxe5 Bxf3 8.
Qxf3 Bxe5 9. c3 Qh4 10. h3 Qf6 11. Qe3 Qe7 12. Nd2 Nf6 13. Nb3 Nd7 14. Na5 Rb8
15. Nc4 O-O 16. b3 Rfe8 17. Bb2 Bd6 18. Rfe1 Bc5 19. Qg3 b5 20. Na5 Qf6 21. Re2
Bb6 22. c4 Bd4 23. e5 Bxe5 24. Bxe5 Nxe5 25. Rae1 bxc4 26. Nxc4 h6 27. Rxe5
Red8 28. Qe3 Rb5 29. Re8+ Rxe8 30. Qxe8+ Kh7 31. Ne5 Rd5 32. Nd7 Qf4 33. Nf8+
1-0

[Event "SR 3. liga A2 2014/2015"]
[Site "?"]
[Date "2015.01.11"]
[Round "6.6"]
[White "Filip, Frantisek"]
[Black "Vagovsky, Jozef"]
[Result "1/2-1/2"]
[WhiteElo "1773"]
[BlackElo "1927"]
[PlyCount "50"]
[EventDate "2015.??.??"]

1. c4 Nf6 2. Nc3 e6 3. g3 Nc6 4. Bg2 Bb4 5. e4 O-O 6. Nge2 e5 7. O-O Re8 8. a3
Bf8 9. d3 a5 10. Be3 Ng4 11. h3 Nxe3 12. fxe3 d6 13. Kh2 Re6 14. Ng1 Rh6 15. d4
Bd7 16. Qf3 Rf6 17. Qh5 g6 18. Qe2 Rxf1 19. Rxf1 exd4 20. exd4 Nxd4 21. Qf2 Bg7
22. Qxf7+ Kh8 23. Nd5 c6 24. Ne3 Be6 25. Qf2 Qc7 1/2-1/2

[Event "SR 3. liga A2 2014/2015"]
[Site "?"]
[Date "2015.01.11"]
[Round "6.6"]
[White "Markuliak, Mario"]
[Black "Jancicka, Viliam"]
[Result "1-0"]
[WhiteElo "1811"]
[BlackElo "1757"]
[PlyCount "62"]
[EventDate "2015.??.??"]

1. c4 Nf6 2. Nc3 e5 3. g3 c6 4. Bg2 d5 5. cxd5 cxd5 6. Qb3 e4 7. d3 Nc6 8. dxe4
dxe4 9. Bg5 Bb4 10. Bxe4 Qa5 11. Bxf6 gxf6 12. a3 Bxc3+ 13. Qxc3 Qxc3+ 14. bxc3
Ne5 15. Nf3 Nxf3+ 16. Bxf3 Rb8 17. Kd2 O-O 18. Rhd1 b6 19. Kc2 Be6 20. Rd4 Rfd8
21. Rad1 Rxd4 22. Rxd4 Rc8 23. Kb2 Rc7 24. Bd5 Rd7 25. Bxe6 Rxd4 26. Bxf7+ Kxf7
27. cxd4 Ke6 28. e4 a5 29. a4 Kd6 30. Kb3 Kc6 31. Kc4 h6 1-0

[Event "SR 3. liga A2 2014/2015"]
[Site "?"]
[Date "2015.01.11"]
[Round "6.6"]
[White "Tupy, Emil"]
[Black "Vlkovic, Pavol"]
[Result "1-0"]
[WhiteElo "1704"]
[BlackElo "1820"]
[PlyCount "109"]
[EventDate "2015.??.??"]

1. c4 Nf6 2. Nc3 g6 3. e4 d6 4. g3 Bg7 5. Bg2 c6 6. d4 O-O 7. Nf3 Nbd7 8. O-O
Qc7 9. Re1 e5 10. dxe5 dxe5 11. b3 Rd8 12. Qc2 Nf8 13. Bb2 Bg4 14. h3 Bxf3 15.
Bxf3 Ne6 16. Ne2 Bf8 17. Red1 Bc5 18. Kg2 Rxd1 19. Rxd1 Re8 20. a3 Ng5 21. Ng1
h5 22. b4 Bf8 23. c5 a5 24. h4 Ne6 25. Nh3 b6 26. cxb6 Qxb6 27. Bxe5 Ng4 28.
Bc3 axb4 29. axb4 Bxb4 30. Bxb4 Qxb4 31. Qxc6 Rb8 32. Qd7 Qb2 33. Rd2 Qb3 34.
Qd5 Qb6 35. Qa2 Qb4 36. Rd7 Ne5 37. Ra7 Rd8 38. Ra8 Rxa8 39. Qxa8+ Kg7 40. Qd5
Qc3 41. Bd1 Qb2 42. Nf4 Nxf4+ 43. gxf4 Ng4 44. Qc5 Qd2 45. Bxg4 hxg4 46. Qe5+
Kf8 47. f5 Qd3 48. f6 Qf3+ 49. Kg1 Qd1+ 50. Kh2 Qd8 51. Qg5 Qd4 52. Qf4 Ke8 53.
Qb8+ Kd7 54. Qb7+ Ke6 55. Qe7# 1-0

[Event "SR 3. liga A2 2014/2015"]
[Site "?"]
[Date "2015.01.11"]
[Round "6.6"]
[White "Hornak, Pavol"]
[Black "Bojnansky, Juraj"]
[Result "1-0"]
[WhiteElo "1766"]
[BlackElo "1694"]
[PlyCount "82"]
[EventDate "2015.??.??"]

1. d4 Nf6 2. c4 g6 3. Nc3 Bg7 4. e4 d6 5. h3 Nc6 6. Bg5 O-O 7. Nf3 Re8 8. Bd3
Nb4 9. Be2 c5 10. O-O b6 11. d5 Nd7 12. a3 Na6 13. Qc2 Nc7 14. b4 a5 15. b5 f6
16. Bh4 Nf8 17. Rad1 g5 18. Bg3 Ng6 19. Qd2 h5 20. Nxg5 fxg5 21. Qxg5 Nh8 22.
Bxh5 e5 23. Bh4 Qxg5 24. Bxg5 Nf7 25. Bh4 Bd7 26. Rd3 Reb8 27. Rg3 Ne8 28. f4
exf4 29. Rxf4 Ne5 30. Be7 Ra7 31. Bxe8 Rxe8 32. Bf6 Bc8 33. Bxe5 Rxe5 34. a4
Rf7 35. Rxf7 Kxf7 36. Rf3+ Kg6 37. Kf2 Rg5 38. Ne2 Be5 39. Rf8 Bd7 40. Rd8 Bxb5
41. axb5 Bb2 1-0

[Event "SR 3. liga A2 2014/2015"]
[Site "?"]
[Date "2015.01.11"]
[Round "6.3"]
[White "Takacs, Laszlo"]
[Black "Sturdik, Igor"]
[Result "1-0"]
[WhiteElo "2110"]
[BlackElo "1990"]
[PlyCount "43"]
[EventDate "2015.??.??"]

1. e4 Nf6 2. e5 Nd5 3. d4 d6 4. c4 Nb6 5. exd6 exd6 6. Bd3 Be7 7. h3 Nc6 8. Nf3
O-O 9. a3 Bf6 10. Be3 d5 11. cxd5 Nxd5 12. O-O Re8 13. Re1 Be6 14. Nc3 g6 15.
Ne4 Bg7 16. Nc5 Bc8 17. Rc1 b6 18. Bb5 Qd6 19. Qa4 Nde7 20. Ne4 Qe6 21. Neg5
Qf6 22. Ne5 1-0

[Event "SR 3. liga A2 2014/2015"]
[Site "?"]
[Date "2015.01.11"]
[Round "6.3"]
[White "Nicolini, Alexander"]
[Black "Blaho, Stefan"]
[Result "1-0"]
[WhiteElo "2120"]
[BlackElo "2119"]
[PlyCount "179"]
[EventDate "2015.??.??"]

1. e4 c5 2. b4 cxb4 3. d4 Nf6 4. Bd3 Nc6 5. Ne2 d6 6. O-O g6 7. a3 bxa3 8. c3
Bg7 9. h3 O-O 10. f4 b6 11. Ng3 Ne8 12. Kh2 a5 13. Nxa3 Ba6 14. f5 Bxd3 15.
Qxd3 Rb8 16. Bg5 Nc7 17. Rab1 Na7 18. Nc4 Ne8 19. fxg6 hxg6 20. Ne3 Nf6 21. Qa6
Nc8 22. Rf2 Qd7 23. Bxf6 Bxf6 24. Nd5 Bg7 25. Rfb2 e6 26. Nxb6 Qc6 27. Qxa5
Nxb6 28. Rxb6 Qc7 29. R1b3 Rxb6 30. Qxb6 Qc4 31. Qb5 Qc7 32. Qd3 Rc8 33. Ne2
d5+ 34. g3 Qc6 35. exd5 Qxd5 36. Rb5 Qa2 37. Kg1 Bf8 38. Rb7 Qd5 39. Rb5 Qc6
40. Rb1 Bd6 41. Rf1 Rc7 42. Qf3 Qc4 43. Ra1 Kg7 44. Ra5 Be7 45. h4 Bd6 46. Kf2
Re7 47. h5 e5 48. Qd5 Qd3 49. Qxd6 Re6 50. Qxe6 fxe6 51. Rxe5 gxh5 52. Rxh5 Qd2
53. Re5 Kf6 54. Kf3 Qd3+ 55. Re3 Qd1 56. Kf2 Qd2 57. c4 Qc2 58. c5 Ke7 59. Kf3
Qd1 60. Kf2 Kd7 61. g4 Qh1 62. Rg3 Ke7 63. g5 Kf7 64. g6+ Kg8 65. Ke3 Qd5 66.
Nf4 Qb3+ 67. Nd3 Qc3 68. Rg5 Qa3 69. c6 Qd6 70. Rc5 Qg3+ 71. Kd2 Qc7 72. Ne5
Kg7 73. Rb5 Qd6 74. Rb7+ Kf6 75. Rf7+ Kg5 76. g7 Qb4+ 77. Ke3 Qe1+ 78. Kd3 Qb1+
79. Kc4 Qa2+ 80. Kb5 Qb3+ 81. Ka6 Qa4+ 82. Kb7 Qb5+ 83. Kc8 Qa6+ 84. Kd7 Qa7+
85. Kxe6 Qb8 86. Rf8 Qb3+ 87. d5 Qh3+ 88. Kd6 Qh6+ 89. Kc7 Qh7 90. d6 1-0

[Event "SR 3. liga A2 2014/2015"]
[Site "?"]
[Date "2015.01.11"]
[Round "6.3"]
[White "Rachela, Jozef"]
[Black "Kolenak, Matus"]
[Result "1-0"]
[WhiteElo "2048"]
[BlackElo "1977"]
[PlyCount "99"]
[EventDate "2015.??.??"]

1. Nf3 Nf6 2. g3 c5 3. Bg2 Nc6 4. O-O e5 5. d3 h6 6. c4 d5 7. cxd5 Nxd5 8. Qb3
Nb6 9. Nc3 Be6 10. Qd1 Be7 11. Be3 c4 12. d4 exd4 13. Nxd4 Bd7 14. Ndb5 O-O 15.
Rc1 Be6 16. Qxd8 Raxd8 17. Nxa7 Nd5 18. Nxc6 bxc6 19. Nxd5 cxd5 20. Bd4 Ra8 21.
a3 Rfd8 22. Rfd1 Rab8 23. e3 Rd7 24. Ra1 Bd8 25. Bc3 Bb6 26. Rd2 Kf8 27. Bf3 f6
28. Kg2 Kf7 29. a4 Ra8 30. a5 Ba7 31. Ra4 Bc5 32. Rd1 Ra6 33. Bd4 Rc7 34. Bc3
Rd7 35. Be2 Rb7 36. b4 Be7 37. Bf3 Rb5 38. Rb1 Bf5 39. Rb2 Ke6 40. Raa2 Bd3 41.
Bd1 Kd6 42. Ba4 Kc6 43. Ra1 Bd6 44. Rd1 Ra8 45. Ra2 Ra6 46. Rad2 Ra7 47. Rxd3
cxd3 48. Rxd3 Rab7 49. a6 Ra7 50. Bd4 1-0

[Event "SR 3. liga A2 2014/2015"]
[Site "?"]
[Date "2015.01.11"]
[Round "6.3"]
[White "Doucha, Ludvik"]
[Black "Merva, Frantisek"]
[Result "1/2-1/2"]
[WhiteElo "2006"]
[BlackElo "2045"]
[PlyCount "99"]
[EventDate "2015.??.??"]

1. e4 e5 2. Nf3 Nc6 3. Bc4 Bc5 4. c3 Nf6 5. d4 exd4 6. cxd4 Bb4+ 7. Nc3 Nxe4 8.
O-O Bxc3 9. bxc3 d5 10. Bd3 O-O 11. Qc2 Bf5 12. Ng5 Nxg5 13. Bxf5 h6 14. f4 Ne6
15. Bd3 Re8 16. f5 Ng5 17. f6 Ne4 18. fxg7 Kxg7 19. Bf4 Qd7 20. Rae1 f5 21. Re3
Re6 22. Qc1 Rg6 23. Rh3 Rh8 24. Be2 Rh7 25. Bh5 Rf6 26. Rhf3 Rh8 27. Qe1 Rhf8
28. Be5 Nxe5 29. dxe5 Re6 30. Rxf5 Rxf5 31. Rxf5 Re7 32. Qf1 c6 33. Qf3 Qd8 34.
h3 Kh7 35. Rf7+ Rxf7 36. Qxf7+ Kh8 37. e6 Ng5 38. Qxb7 Nxe6 39. Qxc6 Qb6+ 40.
Qxb6 axb6 41. Kf2 Kg7 42. Ke3 Kf6 43. Bg4 Nc7 44. Bd7 Ke5 45. a4 Na6 46. g4 Nc5
47. Bb5 Ne4 48. h4 Nxc3 49. g5 hxg5 50. hxg5 1/2-1/2

[Event "SR 3. liga A2 2014/2015"]
[Site "?"]
[Date "2015.01.11"]
[Round "6.3"]
[White "Kalmar, Tamas"]
[Black "Mosny, Jaroslav"]
[Result "1/2-1/2"]
[WhiteElo "1966"]
[BlackElo "1998"]
[PlyCount "67"]
[EventDate "2015.??.??"]

1. d4 Nf6 2. c4 e6 3. Nf3 d5 4. Nc3 Be7 5. Bg5 O-O 6. e3 h6 7. Bh4 b6 8. cxd5
exd5 9. Be2 Bb7 10. O-O Nbd7 11. Rc1 Rc8 12. Qc2 Ne4 13. Bxe7 Qxe7 14. Rfd1
Nxc3 15. Qxc3 Nf6 16. b4 Ne4 17. Qb3 c5 18. bxc5 bxc5 19. dxc5 Rxc5 20. Rxc5
Nxc5 21. Qa3 a6 22. Rc1 Rc8 23. Nd4 Qf8 24. Bf3 Ne4 25. Qxf8+ Kxf8 26. Rxc8+
Bxc8 27. Bxe4 dxe4 28. Kf1 Ke7 29. Ke1 Kd6 30. Kd2 Kc5 31. Kc3 Be6 32. a3 g6
33. h4 h5 34. Nxe6+ 1/2-1/2

[Event "SR 3. liga A2 2014/2015"]
[Site "?"]
[Date "2015.01.11"]
[Round "6.3"]
[White "Bahna, Jan"]
[Black "Kahancova, Jana"]
[Result "1-0"]
[WhiteElo "1940"]
[BlackElo "1717"]
[PlyCount "63"]
[EventDate "2015.??.??"]

1. e4 e5 2. Nf3 Nc6 3. Bb5 a6 4. Ba4 Nf6 5. O-O d6 6. Re1 b5 7. Bb3 Be7 8. c3
Bg4 9. h3 Bh5 10. d3 O-O 11. Nbd2 Re8 12. Nf1 Bf8 13. Ng3 Bxf3 14. Qxf3 g6 15.
Bg5 Bg7 16. Qe3 Qd7 17. Rf1 Rf8 18. f4 exf4 19. Qxf4 Ne8 20. a3 Nd8 21. Bh6 Ne6
22. Qh4 c5 23. Bxg7 Kxg7 24. Rf2 Qd8 25. Qg4 Kg8 26. Bxe6 fxe6 27. Qxe6+ Kg7
28. Rxf8 Kxf8 29. Rf1+ Kg7 30. Rf7+ Kh6 31. Nf5+ Kg5 32. h4+ 1-0

[Event "SR 3. liga A2 2014/2015"]
[Site "?"]
[Date "2015.01.11"]
[Round "6.3"]
[White "Matis, Tibor"]
[Black "Krist, Milan"]
[Result "1-0"]
[WhiteElo "1664"]
[BlackElo "1913"]
[PlyCount "67"]
[EventDate "2015.??.??"]

1. e4 e6 2. d4 d5 3. exd5 exd5 4. c4 Nf6 5. Bg5 Be7 6. Nc3 dxc4 7. Bxc4 O-O 8.
Nge2 c6 9. O-O Bf5 10. Ng3 Bg6 11. f4 h6 12. Bxf6 Bxf6 13. Kh1 Qb6 14. f5 Bh7
15. a4 a5 16. Qg4 Nd7 17. Nce4 Rae8 18. Rad1 Kh8 19. Nh5 Rxe4 20. Qxe4 Qc7 21.
Rde1 Qd6 22. Nxf6 Qxf6 23. Qe7 Qxe7 24. Rxe7 Nb6 25. Bb3 Rb8 26. g4 Bg8 27.
Rfe1 Nd5 28. Bxd5 cxd5 29. Re8 Rxe8 30. Rxe8 Kh7 31. Rb8 g6 32. Rxb7 gxf5 33.
gxf5 Kg7 34. Rb5 1-0

[Event "SR 3. liga A2 2014/2015"]
[Site "?"]
[Date "2015.01.11"]
[Round "6.3"]
[White "Hagara, Vladimir"]
[Black "Kahanec, Jan"]
[Result "1-0"]
[WhiteElo "1906"]
[BlackElo "1691"]
[PlyCount "79"]
[EventDate "2015.??.??"]

1. d4 d5 2. c4 Nf6 3. Nc3 e6 4. Bg5 Be7 5. e3 h6 6. Bh4 b6 7. Nf3 Bb7 8. Rc1
Nbd7 9. Bd3 Rc8 10. O-O O-O 11. cxd5 exd5 12. Re1 Re8 13. a3 c5 14. dxc5 bxc5
15. Bf5 d4 16. exd4 Bxf3 17. Qxf3 cxd4 18. Ne2 Rxc1 19. Nxc1 Bc5 20. Rxe8+ Qxe8
21. Qe2 Qxe2 22. Nxe2 Kf8 23. Nc1 Ke8 24. Nd3 Bb6 25. Kf1 g5 26. Bg3 Ke7 27.
Nb4 Nh5 28. Nd5+ Ke8 29. Bd6 Ng7 30. Bc2 Ne6 31. b4 Kd8 32. Nxb6 Nxb6 33. Bb3
Kd7 34. Be5 d3 35. Ke1 Kc6 36. Kd2 Nd7 37. Bc3 Nb6 38. g3 Nd5 39. Be5 a6 40.
Kxd3 1-0

[Event "SR 3. liga A2 2014/2015"]
[Site "?"]
[Date "2015.01.25"]
[Round "7.1"]
[White "Liptak, Tomas"]
[Black "Sefcik, Marek"]
[Result "1/2-1/2"]
[WhiteElo "2168"]
[BlackElo "2043"]
[PlyCount "54"]
[EventDate "2015.??.??"]

1. e4 d5 2. exd5 Qxd5 3. Nc3 Qd8 4. d4 Nf6 5. Nf3 Bg4 6. h3 Bxf3 7. Qxf3 c6 8.
Be3 e6 9. g4 Bb4 10. Bg2 Nd5 11. Bd2 Nd7 12. O-O Bxc3 13. bxc3 b5 14. Qd3 N7b6
15. f4 Qd7 16. f5 O-O 17. Be4 Nf6 18. Bg2 Nfd5 19. Rf2 Nc4 20. Raf1 Nxd2 21.
Rxd2 exf5 22. Rxf5 g6 23. Re5 Nf4 24. Qe4 Nxg2 25. Re7 Rfe8 26. Rxd7 Rxe4 27.
Kxg2 Rae8 1/2-1/2

[Event "SR 3. liga A2 2014/2015"]
[Site "?"]
[Date "2015.01.25"]
[Round "7.1"]
[White "Chabada, Tomas"]
[Black "Kovacocy, Pavel"]
[Result "0-1"]
[WhiteElo "1987"]
[BlackElo "2192"]
[PlyCount "66"]
[EventDate "2015.??.??"]

1. e4 c5 2. Nf3 g6 3. Nc3 Bg7 4. d4 cxd4 5. Nxd4 Nc6 6. Be3 Nf6 7. Bc4 O-O 8.
Bb3 Qa5 9. f3 Nxd4 10. Bxd4 Qg5 11. O-O Nh5 12. Bxg7 Nf4 13. g3 Kxg7 14. Qd4+
f6 15. Kh1 Ne6 16. Bxe6 dxe6 17. Rad1 Qa5 18. b4 Qh5 19. a4 b6 20. Nb5 e5 21.
Qd5 Bh3 22. g4 Qh4 23. Nc7 Bxf1 24. Rxf1 Rac8 25. Ne6+ Kh8 26. Nxf8 Rxc2 27.
Nxg6+ hxg6 28. Qd8+ Kg7 29. Qxe7+ Kh6 30. g5+ Kxg5 31. Rg1+ Kf4 32. Rg4+ Kxf3
33. Rxh4 Rc1# 0-1

[Event "SR 3. liga A2 2014/2015"]
[Site "?"]
[Date "2015.01.25"]
[Round "7.1"]
[White "Cechovic, Stefan"]
[Black "Kovarik, Oto"]
[Result "1-0"]
[WhiteElo "2155"]
[BlackElo "1926"]
[PlyCount "79"]
[EventDate "2015.??.??"]

1. Nf3 d5 2. g3 c5 3. Bg2 Nc6 4. d4 e6 5. O-O Nf6 6. b3 cxd4 7. Nxd4 e5 8. Nxc6
bxc6 9. c4 Bb7 10. cxd5 cxd5 11. Bg5 Be7 12. Nc3 e4 13. Nb5 O-O 14. Nd4 h6 15.
Bf4 Nd7 16. Rc1 Rc8 17. Rxc8 Qxc8 18. Qd2 Nb8 19. Rc1 Nc6 20. Bh3 Qa8 21. Nb5
d4 22. Rc4 g5 23. Bd6 Qd8 24. Bxe7 Qxe7 25. Nxd4 Rd8 26. Nxc6 Bxc6 27. Rd4 Re8
28. e3 Qe5 29. Bf1 h5 30. Rd8 h4 31. Rxe8+ Bxe8 32. Qd4 Qe7 33. Bc4 Bc6 34. g4
Qa3 35. Qd8+ Kh7 36. Qxg5 Qc1+ 37. Kg2 h3+ 38. Kxh3 Qd1 39. Qh5+ Kg7 40. Qxf7+
1-0

[Event "SR 3. liga A2 2014/2015"]
[Site "?"]
[Date "2015.01.25"]
[Round "7.1"]
[White "Husek, Lubomir"]
[Black "Sarmir, Milos"]
[Result "0-1"]
[WhiteElo "1854"]
[BlackElo "2011"]
[PlyCount "85"]
[EventDate "2015.??.??"]

1. e4 d6 2. d4 c6 3. Nf3 g6 4. Nc3 Bg7 5. Be3 Nf6 6. h3 O-O 7. Qd2 Qc7 8. Bh6
b5 9. Bxg7 Kxg7 10. a3 a5 11. Bd3 Nbd7 12. O-O Bb7 13. Rfe1 e5 14. d5 b4 15.
axb4 axb4 16. Na4 cxd5 17. exd5 Bxd5 18. Be2 Rfb8 19. b3 Nc5 20. Nxc5 Qxc5 21.
Rxa8 Rxa8 22. Bd1 Ne4 23. Qe2 Nc3 24. Qd2 Ra2 25. Nh4 Nxd1 26. Rxd1 Bxb3 27.
Qg5 Qxc2 28. Rxd6 Qxf2+ 29. Kh2 f6 30. Qg4 Bf7 31. Rd3 Qf4+ 32. Rg3 Qxg4 33.
Rxg4 b3 34. Nf5+ Kf8 35. Nd6 Bd5 36. Nb5 f5 37. Rg3 Rc2 38. Na3 f4 39. Rg5 Re2
40. Nb5 b2 41. Nc3 Re3 42. Nxd5 b1=Q 43. Nxe3 0-1

[Event "SR 3. liga A2 2014/2015"]
[Site "?"]
[Date "2015.01.25"]
[Round "7.1"]
[White "Vagovsky, Jozef"]
[Black "Kahanek, Jaroslav"]
[Result "1-0"]
[WhiteElo "1927"]
[BlackElo "1829"]
[PlyCount "109"]
[EventDate "2015.??.??"]

1. d4 d5 2. c4 Nf6 3. Nc3 e6 4. Nf3 Nc6 5. Bf4 Bd6 6. Bg5 Be7 7. e3 a6 8. Rc1
h6 9. Bh4 O-O 10. a3 Ne4 11. Bxe7 Nxe7 12. Qc2 Nxc3 13. Qxc3 c6 14. Be2 Bd7 15.
O-O Rc8 16. b4 b5 17. c5 Ng6 18. g3 f6 19. Qc2 Be8 20. Bd3 f5 21. Qc3 Qf6 22.
a4 Ra8 23. Ra1 Qd8 24. Ra2 a5 25. axb5 cxb5 26. bxa5 Qc7 27. Rb1 Rb8 28. a6 Bc6
29. a7 Ra8 30. Rba1 Rf7 31. Qb4 e5 32. Bf1 e4 33. Ne1 f4 34. Ng2 f3 35. Nf4
Nxf4 36. exf4 Qc8 37. Qd2 h5 38. h4 Rb7 39. Ra6 b4 40. f5 Bb5 41. Bxb5 Rxb5 42.
Rb6 Qxf5 43. Kh2 Rxb6 44. cxb6 Qd7 45. Qxb4 Qb7 46. Qa5 e3 47. fxe3 f2 48. Kg2
Qf7 49. Rf1 Rf8 50. a8=Q Qf3+ 51. Kh2 Rxa8 52. Qxa8+ Kh7 53. Qa3 Qf6 54. Qb2
Qe6 55. b7 1-0

[Event "SR 3. liga A2 2014/2015"]
[Site "?"]
[Date "2015.01.25"]
[Round "7.1"]
[White "Vach, Jozef"]
[Black "Markuliak, Mario"]
[Result "0-1"]
[WhiteElo "1778"]
[BlackElo "1811"]
[PlyCount "174"]
[EventDate "2015.??.??"]

1. d4 d6 2. c4 e5 3. d5 Be7 4. Nc3 f5 5. e4 Nf6 6. Bd3 f4 7. Nf3 O-O 8. h3 Nbd7
9. Qe2 a5 10. b3 Nc5 11. Bc2 c6 12. Bb2 Qb6 13. Rb1 Bd7 14. O-O h6 15. Rfe1 g5
16. Kh2 g4 17. Ng1 h5 18. Qd2 Kf7 19. Nge2 Rg8 20. Rg1 Rg7 21. Rbf1 Rh8 22. Nc1
Qd8 23. Re1 Qc8 24. g3 f3 25. h4 Qd8 26. Rh1 Qb6 27. Nd3 Nxd3 28. Bxd3 Ra8 29.
Na4 Qc7 30. Nc3 c5 31. Nd1 Rh7 32. Ne3 Bf8 33. Qc2 Bh6 34. Nd1 Rhh8 35. Bc3
Rhb8 36. Nb2 b6 37. Rb1 Ne8 38. Na4 Qd8 39. a3 b5 40. cxb5 Bxb5 41. Bxb5 Rxb5
42. Nb2 Nf6 43. Nc4 Ke7 44. Rb2 Nd7 45. Rhb1 Nb6 46. a4 Nxc4 47. bxc4 Rxb2 48.
Qxb2 Bg7 49. Bd2 Bf6 50. Qb7+ Ke8 51. Qh7 Qd7 52. Qxh5+ Kd8 53. Bg5 Bxg5 54.
Qxg5+ Kc7 55. Rb5 Rb8 56. Rxa5 Rb2 57. Ra7+ Rb7 58. Rxb7+ Kxb7 59. h5 Ka6 60.
h6 Qh7 61. Kg1 Qxe4 62. Qc1 Qg6 63. Qb2 Qxh6 64. a5 Ka7 65. Qb6+ Ka8 66. Qc6+
Kb8 67. Qe8+ Kc7 68. Qf7+ Kb8 69. Qe8+ Kc7 70. Qe7+ Kb8 71. Qd8+ Kb7 72. Qd7+
Ka6 73. Qxg4 Qc1+ 74. Kh2 Qh6+ 75. Qh4 Qd2 76. g4 Qf4+ 77. Kh3 Qxc4 78. g5
Qxh4+ 79. Kxh4 c4 80. g6 c3 81. g7 c2 82. g8=Q c1=Q 83. Qa8+ Kb5 84. Qc6+ Qxc6
85. dxc6 Kxc6 86. Kg3 e4 87. Kf4 d5 0-1

[Event "SR 3. liga A2 2014/2015"]
[Site "?"]
[Date "2015.01.25"]
[Round "7.1"]
[White "Vlkovic, Pavol"]
[Black "Hrubos, Milan"]
[Result "1/2-1/2"]
[WhiteElo "1820"]
[BlackElo "1771"]
[PlyCount "126"]
[EventDate "2015.??.??"]

1. e4 c5 2. Nf3 d6 3. c3 Nf6 4. h3 Nc6 5. Bd3 a6 6. a4 e6 7. Bc2 Be7 8. O-O O-O
9. d3 Qc7 10. Re1 b6 11. Nbd2 Bb7 12. Nf1 b5 13. Ng3 b4 14. d4 cxd4 15. cxd4
Rac8 16. Be3 Rfe8 17. Rc1 Qb8 18. Nh2 Na5 19. b3 e5 20. d5 Nd7 21. Nf5 Bf8 22.
Qg4 Kh8 23. Nf3 Nf6 24. Qh4 Rc7 25. Bb6 Rxc2 26. Rxc2 Nxb3 27. Rb1 Rc8 28. Rxc8
Bxc8 29. a5 Bxf5 30. exf5 Nc5 31. Qxb4 Nxd5 32. Qc4 Qb7 33. Nd2 Nf4 34. f3 d5
35. Qb4 Nd7 36. Qa4 Ne2+ 37. Kh1 Nc3 38. Qb3 Nxb1 39. Qxb1 Bc5 40. Bd8 Qxb1+
41. Nxb1 Bb4 42. g4 d4 43. Kg1 Kg8 44. g5 Nb8 45. Bb6 Nc6 46. Kf2 f6 47. h4 Kf7
48. Ke2 Ne7 49. f4 Nxf5 50. fxe5 fxe5 51. Kd3 e4+ 52. Kxe4 Ke6 53. Bxd4 Bxa5
54. Bf2 Bb4 55. Kd3 Kd5 56. Nc3+ Bxc3 57. Kxc3 Ke4 58. h5 Kf4 59. g6 h6 60. Kd3
Ng3 61. Be3+ Kg4 62. Bxh6 Kxh5 63. Bxg7 Kxg6 1/2-1/2